[Event "EU-Cup 38th"]
[Site "Durres"]
[Date "2023.10.01"]
[Round "1.1"]
[White "Sigurpalsson, Runar"]
[Black "Sanal, Vahap"]
[Result "0-1"]
[WhiteElo "2276"]
[BlackElo "2603"]
[PlyCount "120"]
[EventDate "2023.10.01"]
[EventType "team-swiss"]
[EventRounds "7"]
[EventCountry "ALB"]
[SourceTitle "EXT 2024"]
[Source "ChessBase"]
[SourceDate "2023.10.10"]
[SourceVersion "1"]
[SourceVersionDate "2023.10.10"]
[SourceQuality "1"]
[WhiteTeam "Akureyri"]
[BlackTeam "Gokturk"]
[WhiteTeamCountry "ISL"]
[BlackTeamCountry "TUR"]

1. a3 e5 2. b4 d5 3. Bb2 Bd6 4. e3 Nf6 5. c4 c6 6. cxd5 cxd5 7. Nf3 Qe7 8. Bb5+ Bd7 9. Bxd7+ Nbxd7 10. Nc3 0-0 11. Qb3 d4 12. Ne2 a5 13. exd4 e4 14. Ne5 axb4 15. axb4 Nxe5 16. dxe5 Bxe5 17. 0-0 Rad8 18. Ra5 Bxb2 19. Qxb2 Rd6 20. Ng3 Qd7 21. Rd1 b5 22. Nf1 Nd5 23. Rda1 Nb6 24. Ra7 Qe6 25. Qc3 Nc4 26. Ra8 Rdd8 27. Rxd8 Rxd8 28. Qd4 Qe8 29. Qc5 h6 30. Ra2 Ne5 31. Ra5 Rb8 32. h3 Nd3 33. Qd4 Rd8 34. Qb6 Rb8 35. Qd4 Qe7 36. Ng3 Qxb4 37. Qxb4 Nxb4 38. Nxe4 Nc2 39. Ra2 Nd4 40. f3 b4 41. Kf2 f5 42. Nc5 b3 43. Rb2 f4 44. Ne4 Kf7 45. Ke1 Ra8 46. d3 Ra2 47. Nd6+ Ke6 48. Nc4 Kd5 49. Kd2 Kc5 50. Kc3 Ra1 51. Rd2 Rc1+ 52. Kb2 Re1 53. Kc3 g5 54. Na5 Rb1 55. Nb7+ Kd5 56. Na5 Rc1+ 57. Kb2 Rc7 58. Nc4 Kc5 59. Kc3 Ra7 60. Nb2 Nb5+ 0-1

[Event "ISL-chT1 1819"]
[Site "Reykjavik"]
[Date "2018.11.09"]
[Round "2.5"]
[White "Sigurpalsson, Runar"]
[Black "Bjornsson, Sigurbjorn"]
[Result "1/2-1/2"]
[WhiteElo "2250"]
[BlackElo "2299"]
[PlyCount "84"]
[EventDate "2018.11.08"]
[EventType "team-tourn"]
[EventRounds "9"]
[EventCountry "ISL"]
[SourceTitle "CBM 187 Extra"]
[Source "ChessBase"]
[SourceDate "2018.11.04"]
[SourceVersion "1"]
[SourceVersionDate "2018.11.04"]
[SourceQuality "1"]
[WhiteTeam "Skakfelag Akureyrar"]
[BlackTeam "Skakdeild Fjolnis"]
[WhiteTeamCountry "ISL"]
[BlackTeamCountry "ISL"]

1. c4 e5 2. g3 Nf6 3. Bg2 d5 4. cxd5 Nxd5 5. Nf3 Nc6 6. d3 Be7 7. 0-0 0-0 8. Nc3 Nb6 9. Be3 Be6 10. Rc1 f6 11. a3 Qd7 12. Ne4 Nd4 13. Bxd4 exd4 14. Qc2 c6 15. Nc5 Bxc5 16. Qxc5 Rad8 17. Nd2 Rfe8 18. Rfe1 Bg4 19. Nf3 Kh8 20. b4 Bxf3 21. Bxf3 Re5 22. Qc2 Rde8 23. a4 Nd5 24. Qb2 Nc3 25. Rxc3 dxc3 26. Qxc3 Rd8 27. Rc1 Qd4 28. Qb3 a6 29. Rc4 Qd6 30. Kg2 g6 31. Qc3 Kg7 32. d4 Re7 33. e3 Rdd7 34. Rc5 Rc7 35. a5 Red7 36. h4 Qe7 37. Qc2 Kf8 38. Qc4 Ke8 39. Qg8+ Qf8 40. Qe6+ Qe7 41. Qg8+ Qf8 42. Qe6+ Re7 1/2-1/2

[Event "ISL-chT1 1819"]
[Site "Reykjavik"]
[Date "2018.11.08"]
[Round "1.1"]
[White "Jonsson, Gauti Pall"]
[Black "Sigurpalsson, Runar"]
[Result "1/2-1/2"]
[WhiteElo "2056"]
[BlackElo "2250"]
[PlyCount "55"]
[EventDate "2018.11.08"]
[EventType "team-tourn"]
[EventRounds "9"]
[EventCountry "ISL"]
[SourceTitle "CBM 187 Extra"]
[Source "ChessBase"]
[SourceDate "2018.11.04"]
[SourceVersion "1"]
[SourceVersionDate "2018.11.04"]
[SourceQuality "1"]
[WhiteTeam "Taflfelag Reykjavikur II"]
[BlackTeam "Skakfelag Akureyrar"]
[WhiteTeamCountry "ISL"]
[BlackTeamCountry "ISL"]

1. e4 d5 2. exd5 Nf6 3. d4 Nxd5 4. Nf3 g6 5. Be2 Bg7 6. 0-0 0-0 7. c4 Nb6 8. h3 Nc6 9. Be3 Bf5 10. Nc3 e5 11. d5 Ne7 12. a4 Nbc8 13. Qb3 b6 14. Rfd1 Nd6 15. a5 Rb8 16. axb6 axb6 17. Nb5 Nec8 18. Ne1 Nxb5 19. Qxb5 Nd6 20. Qb3 Ra8 21. Nd3 Bxd3 22. Qxd3 f5 23. Qc2 Qh4 24. g3 Qxh3 25. Bf1 Qg4 26. Be2 Qh3 27. Bf1 Qh5 28. Be2 1/2-1/2

[Event "ISL-chT 1718"]
[Site "Reykjavik"]
[Date "2017.10.20"]
[Round "2.3"]
[White "Sigurpalsson, Runar"]
[Black "Bergsson, Stefan"]
[Result "1-0"]
[WhiteElo "2268"]
[BlackElo "2077"]
[PlyCount "63"]
[EventDate "2017.10.19"]
[EventType "team-tourn"]
[EventRounds "9"]
[EventCountry "ISL"]
[SourceTitle "CBM 181 Extra"]
[Source "ChessBase"]
[SourceDate "2017.12.12"]
[SourceVersion "1"]
[SourceVersionDate "2017.12.12"]
[SourceQuality "1"]
[WhiteTeam "Akureyri"]
[BlackTeam "Akureyri II"]
[WhiteTeamCountry "ISL"]
[BlackTeamCountry "ISL"]

1. e4 e5 2. Nf3 Nc6 3. Bb5 f5 4. d4 fxe4 5. Bxc6 bxc6 6. Nxe5 Nf6 7. 0-0 Be7 8. Nc3 Bb7 9. Bg5 0-0 10. Qe2 d5 11. f3 c5 12. dxc5 Bxc5+ 13. Kh1 Qd6 14. f4 Ba6 15. Nb5 Qb6 16. c4 dxc4 17. Qxc4+ Kh8 18. a4 c6 19. Nxc6 Qxc6 20. b4 Rac8 21. Rac1 e3 22. bxc5 Ne4 23. Qe2 Rfe8 24. Rf3 h6 25. Bh4 Nxc5 26. Rxe3 Bb7 27. Be7 Qd5 28. Rxc5 Rxc5 29. Bxc5 Rc8 30. Re5 Qc6 31. Nxa7 Ba6 32. Nxc6 1-0

[Event "ISL-chT 1516"]
[Site "Reykjavik"]
[Date "2015.09.27"]
[Round "5.1"]
[White "Baldursson, Hrannar"]
[Black "Sigurpalsson, Runar"]
[Result "0-1"]
[WhiteElo "2149"]
[BlackElo "2273"]
[PlyCount "96"]
[EventDate "2015.09.24"]
[EventType "team-tourn"]
[EventRounds "9"]
[EventCountry "ISL"]
[SourceTitle "EXT 2017"]
[Source "ChessBase"]
[SourceDate "2016.10.25"]
[SourceVersion "1"]
[SourceVersionDate "2016.10.25"]
[SourceQuality "1"]
[WhiteTeam "KR CC"]
[BlackTeam "Akureyri"]
[WhiteTeamCountry "ISL"]
[BlackTeamCountry "ISL"]

1. c4 Nf6 2. Nc3 e6 3. g3 d5 4. cxd5 exd5 5. d4 Be7 6. Bg2 0-0 7. Nh3 c6 8. 0-0 Bf5 9. Bg5 h6 10. Bxf6 Bxf6 11. Nf4 Qb6 12. Ncxd5 cxd5 13. Nxd5 Qxb2 14. Nxf6+ gxf6 15. e4 Bc8 16. Rc1 Nc6 17. d5 Ne5 18. f4 Bg4 19. Qa4 b5 20. Rc2 bxa4 21. Rxb2 Nc4 22. Rbf2 Ne3 23. Re1 Nxg2 24. Kxg2 Bd7 25. e5 Rfe8 26. Rfe2 Rab8 27. e6 fxe6 28. dxe6 Bc6+ 29. Kh3 f5 30. Re5 Rb5 31. g4 fxg4+ 32. Kxg4 Rxe5 33. Rxe5 Kg7 34. f5 Kf6 35. Rc5 Rc8 36. Kf4 Bb7 37. Rb5 Rc4+ 38. Ke3 Be4 39. e7 Bc6 40. Ra5 Re4+ 41. Kd3 Rxe7 42. Kd4 Re4+ 43. Kd3 Re5 44. Rxa7 Kxf5 45. Kd4 Re6 46. Ra5+ Kg4 47. Ra6 Kh3 48. Kc5 Kxh2 0-1

[Event "ISL-chT 1516"]
[Site "Reykjavik"]
[Date "2015.09.26"]
[Round "3.2"]
[White "Kjartansson, Gudmundur"]
[Black "Sigurpalsson, Runar"]
[Result "0-1"]
[WhiteElo "2474"]
[BlackElo "2273"]
[PlyCount "75"]
[EventDate "2015.09.24"]
[EventType "team-tourn"]
[EventRounds "9"]
[EventCountry "ISL"]
[SourceTitle "EXT 2017"]
[Source "ChessBase"]
[SourceDate "2016.10.25"]
[SourceVersion "1"]
[SourceVersionDate "2016.10.25"]
[SourceQuality "1"]
[WhiteTeam "Reykjavik"]
[BlackTeam "Akureyri"]
[WhiteTeamCountry "ISL"]
[BlackTeamCountry "ISL"]

1. e4 c5 2. Nf3 e6 3. d4 cxd4 4. Nxd4 a6 5. Bd3 Qc7 6. 0-0 Nf6 7. Nc3 Be7 8. Qe2 d6 9. a4 b6 10. f4 Nbd7 11. Rf3 Bb7 12. Rg3 g6 13. f5 e5 14. Nb3 gxf5 15. exf5 d5 16. Qe1 e4 17. Be2 Bd6 18. Rh3 Rg8 19. Be3 Ne5 20. Bd4 Neg4 21. Qh4 Be5 22. Rd1 0-0-0 23. a5 bxa5 24. Na4 Bxd4+ 25. Rxd4 Qe5 26. Qe1 Qxf5 27. Nxa5 e3 28. Qg3 Rd6 29. Bd3 Qf2+ 30. Qxf2 exf2+ 31. Kf1 Kc7 32. Bf5 Ne4 33. Nxb7 Rf6 34. Bxg4 Rxg4 35. Nbc5 Rxg2 36. Nxa6+ Kc8 37. Nb6+ Kb7 38. Rf3 0-1

[Event "ISL-chT 1516"]
[Site "Reykjavik"]
[Date "2015.09.24"]
[Round "1.3"]
[White "Olafsson, Helgi"]
[Black "Sigurpalsson, Runar"]
[Result "1-0"]
[WhiteElo "2546"]
[BlackElo "2273"]
[PlyCount "91"]
[EventDate "2015.09.24"]
[EventType "team-tourn"]
[EventRounds "9"]
[EventCountry "ISL"]
[SourceTitle "EXT 2017"]
[Source "ChessBase"]
[SourceDate "2016.10.25"]
[SourceVersion "1"]
[SourceVersionDate "2016.10.25"]
[SourceQuality "1"]
[WhiteTeam "Huginn"]
[BlackTeam "Akureyri"]
[WhiteTeamCountry "ISL"]
[BlackTeamCountry "ISL"]

1. d4 Nf6 2. c4 e6 3. Nf3 d5 4. g3 Be7 5. Bg2 dxc4 6. 0-0 0-0 7. Qc2 c5 8. dxc5 Bxc5 9. Nbd2 Nc6 10. Nxc4 Bd7 11. Nce5 Nxe5 12. Qxc5 Nc6 13. b3 b6 14. Qe3 Re8 15. Rd1 Qe7 16. Bb2 Rac8 17. Rac1 e5 18. h3 h6 19. g4 e4 20. Bxf6 Qxf6 21. Nd2 Nb4 22. Nxe4 Qe6 23. Rxc8 Bxc8 24. Qd2 a5 25. Nc3 Qe5 26. Qd4 Qxd4 27. Rxd4 Be6 28. Be4 Kf8 29. a3 Rc8 30. Na4 Rc1+ 31. Kh2 Nc2 32. Rd3 b5 33. Rc3 bxa4 34. bxa4 Rf1 35. Kg2 Ra1 36. Bxc2 Rc1 37. Kf3 Bd7 38. Ke3 Ke7 39. Kd2 Rf1 40. f3 Rh1 41. Rc5 Ra1 42. Rxa5 Rxa3 43. h4 Ra1 44. h5 Be6 45. Ra7+ Kd6 46. Bd3 1-0

[Event "ISL-chT 1415"]
[Site "Reykjavik"]
[Date "2015.03.19"]
[Round "6.3"]
[White "Sigurpalsson, Runar"]
[Black "Olafsson, Helgi"]
[Result "0-1"]
[WhiteElo "2249"]
[BlackElo "2543"]
[PlyCount "52"]
[EventDate "2014.10.02"]
[EventType "team-tourn"]
[EventRounds "9"]
[EventCountry "ISL"]
[SourceTitle "EXT 2016"]
[Source "ChessBase"]
[SourceDate "2015.10.08"]
[SourceVersion "1"]
[SourceVersionDate "2015.10.08"]
[SourceQuality "1"]
[WhiteTeam "Akureyri"]
[BlackTeam "Vestmannaeyja"]
[WhiteTeamCountry "ISL"]
[BlackTeamCountry "ISL"]

1. e4 c5 2. Nf3 e6 3. d4 cxd4 4. Nxd4 a6 5. Nc3 b5 6. g3 Bb7 7. Bg2 d6 8. 0-0 Nd7 9. Re1 Be7 10. b3 Qc7 11. Bb2 Ngf6 12. Qd2 0-0 13. h3 Rac8 14. Rac1 Rfd8 15. g4 b4 16. Nd5 exd5 17. exd5 Bf8 18. Nf5 Re8 19. Rxe8 Rxe8 20. g5 Ne4 21. Qd4 Nc3 22. Kh2 Qc5 23. Bxc3 bxc3 24. Qa4 Re2 25. Qxd7 Qxf2 26. Nh4 Qf4+ 0-1

[Event "ISL-chT 1415"]
[Site "Reykjavik"]
[Date "2014.10.04"]
[Round "3.5"]
[White "Ingvason, Johann"]
[Black "Sigurpalsson, Runar"]
[Result "0-1"]
[WhiteElo "2142"]
[BlackElo "2249"]
[PlyCount "92"]
[EventDate "2014.10.02"]
[EventType "team-tourn"]
[EventRounds "9"]
[EventCountry "ISL"]
[SourceTitle "EXT 2015"]
[Source "ChessBase"]
[SourceDate "2014.11.20"]
[SourceVersion "1"]
[SourceVersionDate "2014.11.20"]
[SourceQuality "1"]
[WhiteTeam "Reykjanesbaejar"]
[BlackTeam "Akureyri"]
[WhiteTeamCountry "ISL"]
[BlackTeamCountry "ISL"]

1. e4 c6 2. Nc3 d5 3. d4 dxe4 4. Nxe4 Nf6 5. Ng5 h6 6. N5f3 Bf5 7. Bd3 Bxd3 8. Qxd3 e6 9. Ne5 Bd6 10. f4 Qa5+ 11. c3 Qd5 12. Qg3 0-0 13. Ne2 c5 14. 0-0 Qe4 15. Qf2 cxd4 16. cxd4 Nc6 17. Nc3 Qxd4 18. Be3 Bxe5 19. fxe5 Qxe5 20. h3 Qh5 21. Qg3 Qg6 22. Qc7 Rab8 23. Rf3 e5 24. Raf1 Rfd8 25. Bxa7 Nxa7 26. Rxf6 gxf6 27. Nd5 Nc6 28. Nxf6+ Kg7 29. b4 Rd2 30. Ng4 Qe6 31. b5 Rc8 32. Qxb7 Nd8 33. Qf3 f5 34. Ne3 f4 35. Ng4 Rcc2 36. Nf2 Rxa2 37. Kh1 Qc4 38. Qg4+ Kh8 39. Qh5 Qxf1+ 40. Kh2 Qxb5 41. Qxh6+ Kg8 42. Qg6+ Kf8 43. Qh6+ Ke8 44. Qg6+ Nf7 45. Qe6+ Kf8 46. Qc8+ Rd8 0-1

[Event "ISL-chT 1314"]
[Site "Reykjavik"]
[Date "2014.03.01"]
[Round "9.1"]
[White "Olafsson, Helgi"]
[Black "Sigurpalsson, Runar"]
[Result "1/2-1/2"]
[WhiteElo "2544"]
[BlackElo "2230"]
[PlyCount "48"]
[EventDate "2013.10.10"]
[EventType "team-tourn"]
[EventRounds "9"]
[EventCountry "ISL"]
[SourceTitle "EXT 2015"]
[Source "ChessBase"]
[SourceDate "2014.11.20"]
[SourceVersion "1"]
[SourceVersionDate "2014.11.20"]
[SourceQuality "1"]
[WhiteTeam "Vestmannaeyja"]
[BlackTeam "Akureyri"]
[WhiteTeamCountry "ISL"]
[BlackTeamCountry "ISL"]

1. Nf3 Nf6 2. d4 g6 3. Bg5 Bg7 4. Nbd2 d6 5. c3 0-0 6. e4 Nbd7 7. Be2 b6 8. 0-0 Bb7 9. Qc2 c5 10. Rad1 Qc7 11. Qb1 Rfe8 12. Rfe1 Rac8 13. Bf1 e5 14. dxe5 Nxe5 15. Nxe5 dxe5 16. Nc4 Rcd8 17. Rxd8 Rxd8 18. a4 Rd7 19. b4 cxb4 20. cxb4 Rd4 21. Rc1 Bxe4 22. Nd2 Qb7 23. Nxe4 Nxe4 24. Be3 Rd8 1/2-1/2

[Event "ISL-chT 1314"]
[Site "Reykjavik"]
[Date "2014.02.27"]
[Round "6.1"]
[White "Sigurpalsson, Runar"]
[Black "Arnason, Jon Loftur"]
[Result "0-1"]
[WhiteElo "2230"]
[BlackElo "2502"]
[PlyCount "62"]
[EventDate "2013.10.10"]
[EventType "team-tourn"]
[EventRounds "9"]
[EventCountry "ISL"]
[SourceTitle "EXT 2015"]
[Source "ChessBase"]
[SourceDate "2014.11.20"]
[SourceVersion "1"]
[SourceVersionDate "2014.11.20"]
[SourceQuality "1"]
[WhiteTeam "Akureyri"]
[BlackTeam "Bolungarvik"]
[WhiteTeamCountry "ISL"]
[BlackTeamCountry "ISL"]

1. e4 c5 2. Nf3 e6 3. d4 cxd4 4. Nxd4 a6 5. Nc3 Qc7 6. g3 b5 7. Bg2 Bb7 8. 0-0 d6 9. Re1 Be7 10. Qh5 g6 11. Qe2 Nd7 12. Be3 Rc8 13. Rad1 b4 14. Na4 e5 15. Bh3 Ngf6 16. Nf3 Qxc2 17. Nb6 Nxb6 18. Bxb6 Qxe2 19. Rxe2 Rc4 20. b3 Rc3 21. Nd2 Rc2 22. Ree1 Rxa2 23. Nc4 0-0 24. Bg2 Rc8 25. Nxd6 Rc6 26. Nc4 Rxb6 27. Nxb6 Bc5 28. Nd5 Bxf2+ 29. Kh1 Nxd5 30. exd5 Bxe1 31. Rxe1 Rd2 0-1

[Event "ISL-chT 1314"]
[Site "Reykjavik"]
[Date "2013.10.12"]
[Round "4.1"]
[White "Sigurpalsson, Runar"]
[Black "Teitsson, Magnus"]
[Result "1/2-1/2"]
[WhiteElo "2230"]
[BlackElo "2220"]
[PlyCount "29"]
[EventDate "2013.10.10"]
[EventType "team-tourn"]
[EventRounds "9"]
[EventCountry "ISL"]
[SourceTitle "EXT 2014"]
[Source "ChessBase"]
[SourceDate "2013.11.20"]
[SourceVersion "1"]
[SourceVersionDate "2013.11.20"]
[SourceQuality "1"]
[WhiteTeam "Akureyri"]
[BlackTeam "Hellir II"]
[WhiteTeamCountry "ISL"]
[BlackTeamCountry "ISL"]

1. e4 e6 2. d3 d5 3. Nd2 Nf6 4. g3 Bc5 5. Bg2 Nc6 6. c3 d4 7. Nb3 Be7 8. Ne2 e5 9. 0-0 a5 10. cxd4 exd4 11. h3 a4 12. Nd2 Ne5 13. Qc2 c5 14. f4 Nc6 15. a3 1/2-1/2

[Event "ISL-chT 1112"]
[Site "Reykjavik"]
[Date "2011.10.08"]
[Round "3.2"]
[White "Sigurpalsson, Runar"]
[Black "Baklan, Vladimir"]
[Result "1/2-1/2"]
[WhiteElo "2229"]
[BlackElo "2617"]
[PlyCount "58"]
[EventDate "2011.10.07"]
[EventType "team-tourn"]
[EventRounds "7"]
[EventCountry "ISL"]
[SourceTitle "EXT 2012"]
[Source "ChessBase"]
[SourceDate "2011.11.24"]
[SourceVersion "1"]
[SourceVersionDate "2011.11.24"]
[SourceQuality "1"]
[WhiteTeam "Matar"]
[BlackTeam "TB"]
[WhiteTeamCountry "ISL"]
[BlackTeamCountry "ISL"]

1. e4 c5 2. Nf3 d6 3. Bb5+ Nd7 4. 0-0 a6 5. Bxd7+ Bxd7 6. d4 cxd4 7. Qxd4 Rc8 8. Nc3 e5 9. Qd3 h6 10. Be3 Nf6 11. Nd2 Qc7 12. h3 b5 13. a3 Be7 14. f4 exf4 15. Rxf4 Be6 16. Raf1 Nd7 17. Bd4 Ne5 18. Qg3 Bg5 19. R4f2 0-0 20. Nf3 Bf6 21. Nxe5 Bxe5 22. Bxe5 dxe5 23. Rd1 Rcd8 24. Rfd2 f6 25. Qe3 Rxd2 26. Qxd2 Rc8 27. Qd6 Qa7+ 28. Kh2 Kf7 29. Rd3 Rc4 1/2-1/2

[Event "ISL-chT2 1011"]
[Site "Reykjavik"]
[Date "2011.03.04"]
[Round "5.2"]
[White "Lagerman, Robert"]
[Black "Sigurpalsson, Runar"]
[Result "1/2-1/2"]
[WhiteElo "2273"]
[BlackElo "2204"]
[PlyCount "42"]
[EventDate "2010.10.08"]
[EventType "team"]
[EventRounds "7"]
[EventCountry "ISL"]
[SourceTitle "EXT 2014"]
[Source "ChessBase"]
[SourceDate "2013.11.20"]
[SourceVersion "1"]
[SourceVersionDate "2013.11.20"]
[SourceQuality "1"]

1. e4 Nf6 2. e5 Nd5 3. d4 d6 4. Nf3 Bg4 5. Be2 e6 6. 0-0 Be7 7. c4 Nb6 8. exd6 cxd6 9. Nc3 0-0 10. Be3 Nc6 11. b3 Bf6 12. Qd2 d5 13. c5 Nc8 14. b4 N8e7 15. h3 Bxf3 16. Bxf3 Nf5 17. Ne2 a6 18. g4 Nxe3 19. fxe3 Bg5 20. Kh1 Qf6 21. Bg2 Qh6 1/2-1/2

[Event "ISL-chT 0001"]
[Site "Reykjavik"]
[Date "2001.??.??"]
[Round "?"]
[White "Kristjansson, Stefan"]
[Black "Sigurpalsson, Runar"]
[Result "1-0"]
[WhiteElo "2371"]
[BlackElo "2241"]
[PlyCount "71"]
[EventDate "2000.11.17"]
[EventType "team"]
[EventRounds "7"]
[EventCountry "ISL"]
[SourceTitle "EXT 2002"]
[Source "ChessBase"]
[SourceDate "2001.11.25"]
[SourceVersion "1"]
[SourceVersionDate "2001.11.25"]
[SourceQuality "1"]

1. e4 Nf6 2. e5 Nd5 3. Bc4 e6 4. d4 d6 5. Nf3 Be7 6. 0-0 0-0 7. Qe2 Nd7 8. Bb3 dxe5 9. Nxe5 N7f6 10. Rd1 c6 11. c4 Nb6 12. Nc3 Qe8 13. Bc2 a6 14. Rd3 Nfd7 15. Rh3 f5 16. Nf3 Bf6 17. Bf4 c5 18. dxc5 Nxc5 19. Bd6 Be7 20. Bxe7 Qxe7 21. b4 Ncd7 22. c5 Qf6 23. Rd1 Nd5 24. Nxd5 exd5 25. Bb3 a5 26. a3 axb4 27. axb4 Ra1 28. Bxd5+ Kh8 29. Nd2 h6 30. Nc4 b5 31. Nd6 Qd4 32. Rhd3 Rxd1+ 33. Rxd1 Qxb4 34. Nxc8 Rxc8 35. Qe6 Qa4 36. Bb3 1-0

[Event "EU-Cup 15th Gr2"]
[Site "Reykjavik"]
[Date "1999.09.24"]
[Round "1"]
[White "Sigurpalsson, Runar"]
[Black "Thorfinnsson, Bjorn"]
[Result "1/2-1/2"]
[WhiteElo "2250"]
[BlackElo "2195"]
[PlyCount "96"]
[EventDate "1999.09.24"]
[EventType "team-k.o."]
[EventRounds "3"]
[EventCountry "ISL"]
[SourceTitle "EXT 2020"]
[Source "ChessBase"]
[SourceDate "2019.10.17"]
[SourceVersion "1"]
[SourceVersionDate "2019.10.17"]
[SourceQuality "1"]
[WhiteTeam "Skakfelag Akureyrar"]
[BlackTeam "Hellir Taflfelagia"]
[WhiteTeamCountry "IRL"]
[BlackTeamCountry "ISL"]

1. c4 f5 2. d4 Nf6 3. g3 e6 4. Bg2 c6 5. Nf3 d5 6. 0-0 Bd6 7. Qb3 0-0 8. Ne5 Nbd7 9. Nd3 b6 10. Bf4 Be7 11. Nd2 Bb7 12. Rac1 c5 13. dxc5 Nxc5 14. Nxc5 Bxc5 15. Bg5 Kh8 16. cxd5 exd5 17. Rxc5 bxc5 18. Qxb7 Rb8 19. Qxa7 Rxb2 20. Qxc5 Rxa2 21. Qd4 Qa5 22. Nb3 Qa3 23. Nc1 Rc2 24. Qd3 Qc5 25. Nb3 Qc8 26. Nd4 Ra2 27. Bxf6 Rxf6 28. Bxd5 Ra5 29. Nb3 Ra7 30. Rc1 Rc7 31. Ra1 Qf8 32. Nd4 Rc8 33. e3 Rd8 34. Qc4 Qd6 35. Bf3 h6 36. Ra5 f4 37. Nf5 Qb6 38. Rb5 Qa6 39. exf4 Rxf5 40. Qc7 Qa1+ 41. Kg2 Rdf8 42. Rb7 Qf6 43. Rb8 Qf7 44. Qd6 Rf6 45. Rxf8+ Qxf8 46. Qxf8+ Rxf8 47. Be4 Rf6 48. h4 g6 1/2-1/2

[Event "ISL-ch"]
[Site "Akureyri"]
[Date "1997.09.14"]
[Round "6"]
[White "Sigurpalsson, Runar"]
[Black "Karason, Askell Orn"]
[Result "1-0"]
[WhiteElo "2275"]
[BlackElo "2305"]
[PlyCount "91"]
[EventDate "1997.09.09"]
[EventType "tourn"]
[EventRounds "11"]
[EventCountry "ISL"]
[EventCategory "5"]
[SourceTitle "CBM 059 Extra"]
[Source "ChessBase"]
[SourceDate "1997.09.26"]
[SourceVersion "1"]
[SourceVersionDate "1997.09.26"]
[SourceQuality "1"]

1. c4 e5 2. g3 Nc6 3. Bg2 g6 4. Nc3 Bg7 5. e3 f5 6. Nge2 Nf6 7. 0-0 0-0 8. d3 d6 9. Rb1 a5 10. a3 g5 11. f4 h6 12. b4 axb4 13. axb4 Qe8 14. d4 Qh5 15. Nd5 exf4 16. b5 Nd8 17. gxf4 Qf7 18. fxg5 hxg5 19. Ng3 f4 20. exf4 g4 21. f5 c6 22. Nb6 Rb8 23. Bf4 Qc7 24. c5 Nf7 25. Nc4 cxb5 26. Nxd6 Ra8 27. Nxb7 Qd7 28. Nd6 Ra5 29. Qb3 Kh7 30. c6 Qe7 31. Rfe1 Qc7 32. Nc4 Qxf4 33. Nxa5 Qxd4+ 34. Kh1 Nd6 35. Rbd1 Qf4 36. Rf1 Qe5 37. Nb7 Nxf5 38. Nxf5 Bxf5 39. Nd6 Be6 40. Qxb5 Qxb5 41. Nxb5 Bc4 42. Rf5 Kg6 43. Rc5 Be2 44. Re1 Bd3 45. c7 Bf5 46. Rxf5 1-0